Enclave 4 : conocimiento del medio, 2do ciclo E.P
Guardat en:
| Autors principals: | , , , , , , |
|---|---|
| Format: | Llibre |
| Idioma: | espanyol |
| Publicat: |
Madrid
Bruño
1997
|
| Matèries: | |
| Etiquetes: |
Afegir etiqueta
Sense etiquetes, Sigues el primer a etiquetar aquest registre!
|
MARC
| LEADER | 00000nam a2200000 a 4500 | ||
|---|---|---|---|
| 001 | UCP4724 | ||
| 003 | CL-VaPUC | ||
| 008 | 990813e19970000SP |||||||||||||||||spa|d | ||
| 082 | 0 | 4 | |a 372.357 |b BAT |2 21 |
| 100 | 0 | |a Batllori Obiols, Roser |e author |9 432500 | |
| 700 | 0 | |a Espinet Blanch, M |e author |9 432501 | |
| 700 | 0 | |a Franch Batlle, J |e author |9 432502 | |
| 700 | 0 | |a Gavaldá Torrents, A |e author |9 432503 | |
| 700 | 0 | |a Molla Bernadas, J |e author |9 432504 | |
| 700 | 0 | |a Pages Blanch, J |e author |9 432505 | |
| 700 | 0 | |a Santisteban Fernández, A |e author |9 432506 | |
| 245 | 1 | 0 | |a Enclave 4 : conocimiento del medio, 2do ciclo E.P |
| 300 | |a 191 p | ||
| 942 | |c BK | ||
| 945 | |d 19990813 00:00:00 |a rbrito | ||
| 260 | |a Madrid |b Bruño |c 1997 | ||
| 500 | |a En forma separada 1 diskette | ||
| 650 | 0 | |a Educación básica |9 224933 | |
| 650 | 0 | |a Medio ambiente |9 257625 | |
| 650 | 0 | |a Métodos de enseñanza |9 270413 | |
| 650 | 0 | |a Libros de texto |9 270019 | |
| 650 | 0 | |a Ecología |9 258124 | |
| 583 | |a last modification |c 20190730 12:14:18 |k Rodrigo Vera | ||
| 999 | |c 282625 |d 282623 | ||
| 952 | |0 0 |1 0 |4 0 |6 372_357000000000000_BAT_1997 |7 0 |8 A |9 324663 |a BIBEDU |b BIBEDU |d 2019-11-20 |i 3541584 |o 372.357 BAT 1997 |p 3541584 |r 2019-11-20 |w 2019-11-20 |y BK |k BME | ||